00797pam a2200241 a 4500001000500000005001700005020002800022040003000050050002200080082001400102100002500116245004400141260003700185300002100222505000600243520016300249521001800412521001800430650002300448650003000471650002200501650003200523163220230912100653.0 a0525675434 (alk. paper) aDLCcDLCdDLCdFISKHbeng00aPZ7.P273bJi 199600a[Fic]2201 aPaterson, Katherine.10aJip :bhis story /cKatherine Paterson. aNew York :bPuffin Books,c1998. a181 pagesc20 cm aQ aWhile living on a Vermont poor farm during 1855 and 1856, Jip learns his identity and that of his mother and comes to understand how he arrived at this place. a860 bLexile aQ bRaz-Plus 1aIdentityvFiction. 1aFugitive slavesvFiction. 1aSlaveryvFiction. 1aAfrican AmericansvFiction.